[Event "ROM-chT2"]
[Site "Gilau"]
[Date "2018.10.12"]
[Round "6.5"]
[White "Barzanu, Iulian"]
[Black "Rusu, Gheorghe"]
[Result "1-0"]
[WhiteElo "2192"]
[BlackElo "1524"]
[PlyCount "59"]
[EventDate "2018.10.07"]
[EventType "team-swiss"]
[EventRounds "9"]
[EventCountry "ROU"]
[SourceTitle "CBM 187 Extra"]
[Source "ChessBase"]
[SourceDate "2018.11.04"]
[SourceVersion "1"]
[SourceVersionDate "2018.11.04"]
[SourceQuality "1"]
[WhiteTeam "Oltenia Pro Logos"]
[BlackTeam "Targoviste"]
[WhiteTeamCountry "ROU"]
[BlackTeamCountry "ROU"]

1. e4 e6 2. d4 c6 3. Bd3 h6 4. Nf3 d5 5. e5 c5 6. c3 Nc6 7. 0-0 c4 8. Bc2 Nge7 9. b4 b5 10. a4 Ba6 11. Na3 Rb8 12. axb5 Bxb5 13. Nxb5 Rxb5 14. Ba4 Rb7 15. b5 Nb8 16. Ba3 Nd7 17. Qc2 Nf5 18. Bxf8 Kxf8 19. Qb2 g6 20. Bc2 Nh4 21. Nxh4 Qxh4 22. Ra6 Kg7 23. Rfa1 Rhb8 24. R1a5 Qd8 25. Rxa7 Nb6 26. g3 Qc7 27. Qa3 Nd7 28. Kg2 Nf8 29. Ra8 Nd7 30. Qe7 1-0

[Event "ROM-ch"]
[Site "Targu Mures"]
[Date "2014.04.30"]
[Round "6"]
[White "Porfireanu, Serban"]
[Black "Rusu, Gheorghe"]
[Result "1-0"]
[WhiteElo "1880"]
[BlackElo "1637"]
[PlyCount "102"]
[EventDate "2014.04.26"]
[EventType "swiss"]
[EventRounds "11"]
[EventCountry "ROU"]
[SourceTitle "CBM 160 Extra"]
[Source "ChessBase"]
[SourceDate "2014.07.01"]
[SourceVersion "1"]
[SourceVersionDate "2014.07.01"]
[SourceQuality "1"]

1. d4 d5 2. Nf3 c5 3. c4 e6 4. Nc3 cxd4 5. Nxd4 Bb4 6. Qa4+ Nc6 7. Nxc6 Bxc3+ 8. bxc3 bxc6 9. Qxc6+ Bd7 10. Qa6 Ne7 11. cxd5 exd5 12. e3 0-0 13. Ba3 Re8 14. Bb5 Ng6 15. Bxd7 Qxd7 16. 0-0 Re6 17. Qd3 Ne5 18. Qe2 Rg6 19. f4 Nc4 20. Bc5 Re8 21. Rad1 Qc7 22. Rxd5 Nb6 23. Bxb6 Qxb6 24. Rd4 h6 25. Qd2 Qc6 26. g3 Rge6 27. Re1 Qf3 28. Qf2 Qc6 29. c4 Qc5 30. Qd2 Kh7 31. Kf2 R8e7 32. Qd3+ g6 33. Rd5 Qb6 34. Qd4 Qc6 35. c5 Re4 36. Qd3 Qe6 37. Re2 h5 38. Rd4 Qh3 39. Rxe4 Qxh2+ 40. Kf3 Qh1+ 41. Rg2 Rb7 42. Rc4 Rb1 43. Rcc2 h4 44. gxh4 Qh3+ 45. Rg3 Qh1+ 46. Rgg2 Rf1+ 47. Kg4 Kh6 48. e4 Rd1 49. Qc3 Kh7 50. Qf6 Rd7 51. Qb2 Qd1+ 1-0

[Event "ROM-ch"]
[Site "Targu Mures"]
[Date "2014.04.27"]
[Round "3"]
[White "Ciorica, Mihai Vlad"]
[Black "Rusu, Gheorghe"]
[Result "1-0"]
[WhiteElo "1878"]
[BlackElo "1637"]
[PlyCount "125"]
[EventDate "2014.04.26"]
[EventType "swiss"]
[EventRounds "11"]
[EventCountry "ROU"]
[SourceTitle "CBM 160 Extra"]
[Source "ChessBase"]
[SourceDate "2014.07.01"]
[SourceVersion "1"]
[SourceVersionDate "2014.07.01"]
[SourceQuality "1"]

1. e4 e5 2. Nf3 Nc6 3. Bb5 Nge7 4. c3 d6 5. d4 a6 6. Ba4 b5 7. Bc2 Bg4 8. d5 Na5 9. h3 Bh5 10. Nbd2 Nb7 11. Nf1 Nc5 12. g4 Bg6 13. Ng3 h6 14. Be3 Nd7 15. Qe2 Nf6 16. a4 c6 17. dxc6 Nxc6 18. axb5 axb5 19. Rxa8 Qxa8 20. Qxb5 Be7 21. Ba4 Kd7 22. Qc4 Rc8 23. 0-0 Ke8 24. Nd2 Kf8 25. Bxc6 Rxc6 26. Qb5 Rc8 27. Qd3 d5 28. f3 dxe4 29. fxe4 Rd8 30. Qc4 Qc8 31. Qxc8 Rxc8 32. Ra1 Bc5 33. Kf2 Bxe3+ 34. Kxe3 Ke7 35. Ra7+ Nd7 36. Nf3 Kd6 37. Nh4 Rb8 38. b4 Rc8 39. Kd3 Rd8 40. c4 Kc6 41. Kc3 Nf6 42. Nxg6 fxg6 43. Rxg7 Rf8 44. Rxg6 Kd7 45. c5 Kd8 46. Kc4 Ng8 47. Nf5 Nf6 48. Nd6 h5 49. b5 hxg4 50. hxg4 Nd7 51. b6 Rf1 52. Rg8+ Ke7 53. Kb5 Rc1 54. Re8+ Kf6 55. Nc4 Kf7 56. Rd8 Ke7 57. Rxd7+ Kxd7 58. Nxe5+ Ke6 59. Nd3 Rc3 60. Nb4 Kd7 61. c6+ Kc8 62. b7+ Kb8 63. Na6+ 1-0

[Event "ROM-ch"]
[Site "Targu Mures"]
[Date "2014.04.27"]
[Round "2"]
[White "Rusu, Gheorghe"]
[Black "Banzea, Alexandru Bogdan"]
[Result "0-1"]
[WhiteElo "1637"]
[BlackElo "2013"]
[PlyCount "92"]
[EventDate "2014.04.26"]
[EventType "swiss"]
[EventRounds "11"]
[EventCountry "ROU"]
[SourceTitle "CBM 160 Extra"]
[Source "ChessBase"]
[SourceDate "2014.07.01"]
[SourceVersion "1"]
[SourceVersionDate "2014.07.01"]
[SourceQuality "1"]

1. e4 c5 2. Bc4 e6 3. e5 Nc6 4. Nf3 Qc7 5. Qe2 a6 6. a4 Nge7 7. Nc3 Ng6 8. 0-0 Ngxe5 9. Nxe5 Qxe5 10. Re1 Qxe2 11. Rxe2 Nd4 12. Re4 f5 13. Rh4 Be7 14. Rh3 Nxc2 15. Rb1 b6 16. Bd3 Nb4 17. Be2 Bb7 18. Bh5+ Kd8 19. Bg6 h6 20. d3 Kc7 21. Bf4+ Bd6 22. Bxd6+ Kxd6 23. Bh5 Nd5 24. Nxd5 Bxd5 25. b4 cxb4 26. Rxb4 b5 27. a5 Rac8 28. Rb1 Rc3 29. Bf3 Rhc8 30. Kf1 Rc1+ 31. Rxc1 Rxc1+ 32. Ke2 Ra1 33. Bxd5 Kxd5 34. Rg3 g5 35. Rh3 Rxa5 36. Rxh6 b4 37. Kd2 Ra2+ 38. Ke3 a5 39. Rh8 a4 40. Rb8 Rb2 41. Rb7 Kc6 42. Rb8 a3 43. Ra8 a2 44. g3 b3 45. h4 gxh4 46. gxh4 Rb1 0-1

[Event "ROM-ch"]
[Site "Baile Olanesti"]
[Date "2013.02.24"]
[Round "11"]
[White "Jugaru, Lucian"]
[Black "Rusu, Gheorghe"]
[Result "1-0"]
[WhiteElo "1941"]
[BlackElo "1683"]
[PlyCount "75"]
[EventDate "2013.02.16"]
[EventType "swiss"]
[EventRounds "11"]
[EventCountry "ROU"]
[SourceTitle "CBM 153 Extra"]
[Source "ChessBase"]
[SourceDate "2013.04.22"]
[SourceVersion "1"]
[SourceVersionDate "2013.04.22"]
[SourceQuality "1"]

1. e4 e5 2. Nf3 d6 3. Bc4 h6 4. 0-0 Nf6 5. Re1 Be7 6. c3 0-0 7. d4 Bg4 8. Nbd2 Nbd7 9. h3 Bh5 10. b4 c6 11. Bb3 a5 12. Bb2 b5 13. a4 axb4 14. cxb4 bxa4 15. Bxa4 Qb6 16. Qb3 Rab8 17. dxe5 dxe5 18. Nxe5 Nxe5 19. Bxe5 Rb7 20. Bc3 c5 21. b5 Nh7 22. Qc2 Ng5 23. Nc4 Qd8 24. Na5 Rd7 25. b6 Rd3 26. Nc6 Rxc3 27. Nxe7+ Qxe7 28. Qxc3 Ne6 29. Bc6 Nd4 30. Bd5 Ne2+ 31. Rxe2 Bxe2 32. b7 Rb8 33. Ra8 Qc7 34. Rxb8+ Qxb8 35. Qxc5 Ba6 36. Qe7 Kh8 37. Qxf7 Qd8 38. Qg8+ 1-0

[Event "ROM-ch"]
[Site "Baile Olanesti"]
[Date "2013.02.20"]
[Round "6"]
[White "Rusu, Gheorghe"]
[Black "Ciocan, Maria Alexandra"]
[Result "0-1"]
[WhiteElo "1683"]
[BlackElo "1575"]
[PlyCount "50"]
[EventDate "2013.02.16"]
[EventType "swiss"]
[EventRounds "11"]
[EventCountry "ROU"]
[SourceTitle "CBM 153 Extra"]
[Source "ChessBase"]
[SourceDate "2013.04.22"]
[SourceVersion "1"]
[SourceVersionDate "2013.04.22"]
[SourceQuality "1"]

1. e4 c5 2. Nf3 e6 3. Nc3 a6 4. d4 cxd4 5. Nxd4 Nc6 6. Be3 Nge7 7. a3 g6 8. Bc4 Bg7 9. 0-0 0-0 10. Qd2 b5 11. Bb3 Bb7 12. Rad1 Na5 13. Rfe1 Qc7 14. Nf3 Rfd8 15. Bh6 Nxb3 16. cxb3 d5 17. e5 d4 18. Ne4 Bxe5 19. Nxe5 Qxe5 20. Bf4 Qf5 21. Nd6 Qd5 22. Nxb7 Qxb7 23. Be5 Nf5 24. g4 Nh4 25. Qh6 Qg2# 0-1

[Event "ROM-ch"]
[Site "Baile Olanesti"]
[Date "2013.02.17"]
[Round "2"]
[White "Rusu, Gheorghe"]
[Black "Patrascu, Catalin Lucian"]
[Result "0-1"]
[WhiteElo "1683"]
[BlackElo "1937"]
[PlyCount "90"]
[EventDate "2013.02.16"]
[EventType "swiss"]
[EventRounds "11"]
[EventCountry "ROU"]
[SourceTitle "CBM 153 Extra"]
[Source "ChessBase"]
[SourceDate "2013.04.22"]
[SourceVersion "1"]
[SourceVersionDate "2013.04.22"]
[SourceQuality "1"]

1. e4 c5 2. Nf3 d6 3. Bc4 Nc6 4. Nc3 g6 5. d4 cxd4 6. Nxd4 Bg7 7. Be3 Nf6 8. Qd2 Ng4 9. 0-0-0 Nxe3 10. fxe3 0-0 11. h4 h5 12. Nf3 Bg4 13. Nd5 Ne5 14. Be2 Rc8 15. Kb1 Nc4 16. Bxc4 Rxc4 17. Qd3 b5 18. b3 Rc5 19. Rd2 Bxf3 20. gxf3 e6 21. Nf4 Qf6 22. Qd4 e5 23. Nd5 exd4 24. Nxf6+ Bxf6 25. exd4 Rc3 26. f4 Rf3 27. e5 Bg7 28. Re1 Rxf4 29. exd6 Rxd4 30. Red1 Rxd2 31. Rxd2 b4 32. d7 Rd8 33. Rd3 Kf8 34. Kc1 Ke7 35. Kd2 Rxd7 36. Rxd7+ Kxd7 37. Kd3 Bf6 38. Kc4 Bxh4 39. Kxb4 Bg3 40. Kb5 h4 41. c4 h3 42. c5 h2 43. b4 h1Q 44. a4 Qf1+ 45. Ka5 Bc7# 0-1